00933 2200313 4500001002100000005001500021035002000036008004100056020002200097041000700119082001300126090001900139100001600158245001100174260003300185300001700218990003200235990003200267990003200299990003200331990003200363990003200395990003200427990003200459990003200491990003200523990003200555990003200587INLIS00000000003241920260415100007 a0010-1224032419260415 d 1 ind  a978-623-310-083-0 aid a899.2213 a899.2213 NAZ a0 aNAZIERAN FF1 aALGESA aJakarta :bRomancious,c2023 a19cm, 320hal a1.3.5.01.001.001.012.001744 a1.3.5.01.001.001.012.001747 a1.3.5.01.001.001.012.001741 a1.3.5.01.001.001.012.001738 a1.3.5.01.001.001.012.001732 a1.3.5.01.001.001.012.001729 a1.3.5.01.001.001.012.001714 a1.3.5.01.001.001.012.001717 a1.3.5.01.001.001.012.001735 a1.3.5.01.001.001.012.001726 a1.3.5.01.001.001.012.001723 a1.3.5.01.001.001.012.001720